Central Library OPAC University of Rajshahi

Introduction to the Jawámi'u'l-hikáyát wa lawámi 'u'rriwáyát of Sadídu'd-Dín Muḥammad al-'Awfí / (Record no. 36440)

MARC details
000 -LEADER
fixed length control field 01753nam a22002892a 4500
001 - CONTROL NUMBER
control field 36440
003 - CONTROL NUMBER IDENTIFIER
rucl marc code BD-RjUL
005 - DATE AND TIME OF LATEST TRANSACTION
control field 20211209052504.0
008 - FIXED-LENGTH DATA ELEMENTS--GENERAL INFORMATION
fixed length control field 140624s1929 enk b 000 0 eng d
035 ## - SYSTEM CONTROL NUMBER
System control number (BD-RjUL)36540
040 ## - CATALOGING SOURCE
Original cataloging agency DLC
Transcribing agency COO
Modifying agency EQO
-- BD-RjUL
Language of cataloging eng
041 ## - LANGUAGE CODE
Language code of text/sound track or separate title eng
082 04 - DEWEY DECIMAL CLASSIFICATION NUMBER
Classification number 892.78
Author mark and year NII 1929
100 1# - MAIN ENTRY--PERSONAL NAME
Personal name Niẓamuʼd-Dīn, Muḥammad.
9 (RLIN) 110919
245 10 - TITLE STATEMENT
Title Introduction to the Jawámi'u'l-hikáyát wa lawámi 'u'rriwáyát of Sadídu'd-Dín Muḥammad al-'Awfí /
Statement of responsibility, etc. by Muḥammad Niẓámu'd-Din.
260 ## - PUBLICATION, DISTRIBUTION, ETC. (IMPRINT)
Place of publication, distribution, etc. London :
Name of publisher, distributor, etc. Luzac & Co,
Date of publication, distribution, etc. 1929
300 ## - PHYSICAL DESCRIPTION
Pagination xxiii, 316 p. ;
Size 32 cm.
490 1# - SERIES STATEMENT
Series statement "E.J.W. Gibb memorial" ;
Volume/sequential designation New series, VIII
500 ## - GENERAL NOTE
General note Printed in Holland
504 ## - BIBLIOGRAPHY, ETC. NOTE
Bibliography, etc Bibliographical foot-notes
505 0# - FORMATTED CONTENTS NOTE
Formatted contents note Observations on the life and works of the author Sadídu'd-Dín Muḥammad al'Awfí.--The position of the Jawāmu'u'l-ḥikāyāt in Persian prose.--A conspectus of the sources of the Jawāmi'u'l-ḥikāuāt.--Chronological arrangement and description of all the known mss. of the Jawāmi'u'l-ḥikāyāt with a view to establish a standard text.--A comparative index of the hundred chapters of the Jawāmi'u'lḥikāyāt based on the 14th century A.D. mss. (A list of the 100 chapter-headings in the original Persian)--A complete table of contents of the four parts of the Jawāmi'u'l-ḥikāyāt, consisting of 2113 titles of anecdotes.--Reclassification of the contents of the Jawāmi'u'l-ḥikāyāt.--A complete alphabetical list of all the works mentioned in the Jawāmi'u'l-ḥikāyāt
600 10 - SUBJECT ADDED ENTRY--PERSONAL NAME
Personal name ʿAwfī, Muḥammad,
Dates associated with a name active 1228.
830 #0 - SERIES ADDED ENTRY--UNIFORM TITLE
Volume number/sequential designation new ser., 8
Uniform title "E.J.W. Gibb memorial" series ;
942 ## - ADDED ENTRY ELEMENTS (KOHA)
Source of classification or shelving scheme Dewey Decimal Classification
Koha item type Books
Holdings
Lost status Source of classification or shelving scheme Damaged status Not for loan Collection code Permanent Location Current Location Shelving location Date acquired Source of acquisition Cost, normal purchase price Total Checkouts Full call number Date last seen Copy number Koha item type
  Dewey Decimal Classification   Not For Loan Non-fiction Central Library, University of Rajshahi Central Library, University of Rajshahi Reading Room 12/08/1967 Zeitlinger 45.00   892.78 NII 1929 24/06/2014 C-1 Books